000
00333nam a22001457a 4500
008
221205b ||||| |||| 00| 0 eng d
020
_a
9781428357839
041
_a
eng
080
_2
SECOND EDITION
_a
610.73
082
_a
610.73 OTO
100
_a
9
101
_a
INF
245
_a
PSYCHIATRIC NURSING
_c
OTONG A D
942
_2
udc
_c
BK
999
_c
59086
_d
59086